[Event "10th Philadelphia International"]
[Site "Philadelphia, PA"]
[Date "2016.07.06"]
[Round "3.3"]
[White "Zherebukh, Yaroslav"]
[Black "Bora, Safal"]
[Result "1/2-1/2"]
[WhiteElo "2595"]
[BlackElo "2404"]
[PlyCount "76"]
[EventDate "2016.07.??"]
[EventType "swiss"]
[EventRounds "9"]
[EventCountry "USA"]
[WhiteClock "0:43:09"]
[BlackClock "0:16:07"]

1. d4 Nf6 2. Bf4 e6 3. Nf3 d5 4. e3 c5 5. c3 Nc6 6. Nbd2 Bd6 7. Bg3 O-O 8. Bd3
b6 9. O-O Bxg3 10. hxg3 Qd6 11. dxc5 Qxc5 12. e4 dxe4 13. Nxe4 Nxe4 14. Bxe4
Bb7 15. Qd7 Na5 16. b4 Qc8 17. Qd3 Bxe4 18. Qxe4 Qc6 19. Qe2 Qc4 20. Qe3 Nc6
21. a4 Rac8 22. Rfd1 Rfd8 23. Ng5 Qg4 24. Nf3 Qc4 25. b5 Na5 26. Ne5 Qc7 27.
Qe1 Rd5 28. Rxd5 exd5 29. Ng4 Qxc3 30. Qxc3 Rxc3 31. Rd1 Rc5 32. Ne3 Kf8 33.
Nxd5 Rc4 34. Ne3 Rxa4 35. Rd7 g6 36. Rxa7 Rb4 37. Nd5 Rxb5 38. Nxb6 Rxb6
1/2-1/2

[Event "10th Philadelphia International"]
[Site "Philadelphia, PA"]
[Date "2016.07.06"]
[Round "3.4"]
[White "Quevedo, Reynaldo"]
[Black "Mikhalevski, Victor"]
[Result "1/2-1/2"]
[WhiteElo "2432"]
[BlackElo "2545"]
[PlyCount "46"]
[EventDate "2016.07.??"]
[EventType "swiss"]
[EventRounds "9"]
[EventCountry "USA"]
[WhiteClock "0:38:40"]
[BlackClock "0:45:49"]

1. d4 Nf6 2. Nf3 d5 3. c4 e6 4. Nc3 Bb4 5. cxd5 exd5 6. Bg5 Nbd7 7. e3 c5 8.
Be2 Qa5 9. O-O Bxc3 10. bxc3 c4 11. Nd2 Qxc3 12. e4 Nxe4 13. Nxe4 dxe4 14. Rc1
Qa5 15. Bd2 Qb6 16. Bxc4 O-O 17. Bf4 Qf6 18. Bc7 Nb6 19. Bb3 Bf5 20. Be5 Qg6
21. Rc3 Bg4 22. Qd2 h5 23. f3 e3 1/2-1/2

[Event "10th Philadelphia International"]
[Site "Philadelphia, PA"]
[Date "2016.07.06"]
[Round "3"]
[White "Zhou, Guijue"]
[Black "Jimenez, Fidel"]
[Result "0-1"]
[WhiteElo "2238"]
[BlackElo "2530"]
[PlyCount "120"]
[EventDate "2016.07.??"]
[EventType "swiss"]
[EventRounds "9"]
[EventCountry "USA"]

1. e4 c5 2. Nf3 a6 3. d4 cxd4 4. Nxd4 Nf6 5. Nc3 e5 6. Nde2 Bc5 7. Ng3 d6 8.
Be2 O-O 9. O-O Nc6 10. a3 h6 11. Qd3 b5 12. Be3 Nd4 13. Nd1 Be6 14. Bxd4 Bxd4
15. c3 Bb6 16. a4 bxa4 17. Rxa4 a5 18. Ne3 Bc5 19. Ngf5 Qd7 20. Rfa1 Rab8 21.
Rxa5 Rxb2 22. Nd1 Rb3 23. Nfe3 Qb7 24. f3 Rb8 25. Kf1 g6 26. Qd2 Rb1 27. Bd3
Rxa1 28. Rxa1 Qc7 29. Be2 Kg7 30. Bd3 Rd8 31. c4 Rb8 32. Nd5 Bxd5 33. cxd5 Rb3
34. Qc2 Rb8 35. Rb1 Ra8 36. Qc3 Ra2 37. Rb2 Ra4 38. Be2 Qa7 39. Qb3 Bd4 40. Rc2
Nd7 41. g3 Nc5 42. Qb5 Ra1 43. Kg2 Qa3 44. Qc4 h5 45. h4 Qa5 46. Kf1 Kg8 47.
Rc1 Ra3 48. Rc2 Rb3 49. Rc1 Rb4 50. Qc2 Ra4 51. Bc4 Kg7 52. Nf2 Ra3 53. Qe2 Re3
54. Qd1 Qa3 55. Kg2 Rxf3 56. Qxf3 Qxc1 57. Be2 Bxf2 58. Kxf2 Qc2 59. Ke3 Qc3+
60. Kf2 Qd4+ 0-1

[Event "10th Philadelphia International"]
[Site "Philadelphia, PA"]
[Date "2016.07.06"]
[Round "3"]
[White "Viswanadha, Kesav"]
[Black "Papp, Gabor"]
[Result "0-1"]
[WhiteElo "2357"]
[BlackElo "2584"]
[PlyCount "48"]
[EventDate "2016.07.??"]
[EventType "swiss"]
[EventRounds "9"]
[EventCountry "USA"]

1. d4 Nf6 2. c4 g6 3. Nc3 c5 4. d5 Bg7 5. e4 O-O 6. Be3 d6 7. Be2 e6 8. Nf3
exd5 9. exd5 Bf5 10. Nd2 Qb6 11. Qc1 Nbd7 12. O-O Ne5 13. h3 Rae8 14. a3 Nd3
15. Bxd3 Bxd3 16. Re1 Nd7 17. b4 f5 18. g3 Qd8 19. Qb2 g5 20. Nb3 Ne5 21. bxc5
f4 22. Bd2 fxg3 23. fxg3 Qf6 24. Be3 Nf3+ 0-1

[Event "10th Philadelphia International"]
[Site "Philadelphia, PA"]
[Date "2016.07.06"]
[Round "3"]
[White "Gorovets, Andrey"]
[Black "Mulyar, Michael"]
[Result "1-0"]
[WhiteElo "2545"]
[BlackElo "2381"]
[PlyCount "93"]
[EventDate "2016.07.??"]
[EventType "swiss"]
[EventRounds "9"]
[EventCountry "USA"]

1. e4 e5 2. Nc3 Nf6 3. Bc4 Nc6 4. d3 Na5 5. Nge2 Nxc4 6. dxc4 d6 7. O-O Be7 8.
Ng3 O-O 9. Qd3 Be6 10. Nf5 Bxf5 11. exf5 c6 12. Bg5 Qc7 13. Rad1 Rad8 14. Qf3
h6 15. Bxf6 Bxf6 16. Ne4 Qe7 17. Qb3 Rd7 18. Rd3 Rfd8 19. Rfd1 d5 20. cxd5 cxd5
21. Rxd5 Rxd5 22. Rxd5 Rxd5 23. Qxd5 Qb4 24. g3 Qxb2 25. Nd6 Qxc2 26. Qxf7+ Kh7
27. Qg6+ Kg8 28. Qf7+ Kh7 29. Qd5 b5 30. Ne4 Bd8 31. Qxe5 Qxa2 32. Qxb5 a5 33.
Qd3 Qa1+ 34. Kg2 Bf6 35. Nc5 Qd4 36. Qxd4 Bxd4 37. Na4 Kg8 38. f4 Kf7 39. Kf3
Ke7 40. Ke4 Bg1 41. h3 Kd6 42. g4 Kc6 43. g5 hxg5 44. fxg5 Kb5 45. f6 gxf6 46.
g6 f5+ 47. Kd5 1-0

[Event "10th Philadelphia International"]
[Site "Philadelphia, PA"]
[Date "2016.07.06"]
[Round "3"]
[White "Aldama, Dionisio"]
[Black "Taghizadeh, Rayan"]
[Result "1/2-1/2"]
[WhiteElo "2391"]
[BlackElo "2182"]
[PlyCount "78"]
[EventDate "2016.07.??"]
[EventType "swiss"]
[EventRounds "9"]
[EventCountry "USA"]

1. d4 Nf6 2. Nf3 e6 3. e3 b6 4. Bd3 Bb7 5. Nbd2 c5 6. c3 Be7 7. O-O O-O 8. e4
d5 9. e5 Nfd7 10. Re1 Ba6 11. Bb1 Nc6 12. Nf1 Rc8 13. Qa4 Bc4 14. Ne3 cxd4 15.
Nxc4 Nc5 16. Qd1 dxc4 17. Nxd4 Qd5 18. Nxc6 Rxc6 19. Qxd5 exd5 20. Rd1 Rd8 21.
Bc2 b5 22. Be3 Rc7 23. Rd2 Na4 24. Rb1 g6 25. f4 f5 26. exf6 Bxf6 27. Kf2 Nxb2
28. Bd4 Bxd4+ 29. Rxd4 Nd3+ 30. Ke3 Re7+ 31. Kd2 Rde8 32. Bxd3 cxd3 33. Rxd5
Re2+ 34. Kxd3 a6 35. a3 Rxg2 36. a4 bxa4 37. Ra5 Rxh2 38. Rxa4 Rh3+ 39. Kc2
Rh2+ 1/2-1/2

[Event "10th Philadelphia International"]
[Site "Philadelphia, PA"]
[Date "2016.07.06"]
[Round "3"]
[White "Zhang, Chao"]
[Black "Balakrishnan, Praveen"]
[Result "0-1"]
[WhiteElo "2156"]
[BlackElo "2367"]
[PlyCount "160"]
[EventDate "2016.07.??"]
[EventType "swiss"]
[EventRounds "9"]
[EventCountry "USA"]

1. e4 c6 2. d4 d5 3. e5 Bf5 4. Nf3 e6 5. Be2 c5 6. O-O Nc6 7. Be3 cxd4 8. Nxd4
Nge7 9. c4 Nxd4 10. Bxd4 Nc6 11. cxd5 Qxd5 12. Bf3 Qd7 13. Bc3 Bd3 14. Re1 Rd8
15. Na3 Bc5 16. Qd2 Qe7 17. Bxc6+ bxc6 18. b4 Bb6 19. Qf4 O-O 20. Rac1 Rd5 21.
Nc2 Bxc2 22. Rxc2 Rfd8 23. Qc4 Qd7 24. Rcc1 h6 25. g3 Rd3 26. a4 Rf3 27. Re2
Qd3 28. Qxd3 Rdxd3 29. Be1 Ra3 30. a5 Bd4 31. Rxc6 Rf5 32. Rc8+ Kh7 33. Rc7
Rxe5 34. Kf1 Rf5 35. Rc4 e5 36. b5 Rb3 37. Rb4 Rff3 38. Ra2 Rxb4 39. Bxb4 Rb3
40. Ra4 Rb2 41. b6 axb6 42. a6 b5 43. a7 Bxa7 44. Rxa7 Rxb4 45. Rxf7 Kg6 46.
Rb7 Rb2 47. h3 Kf6 48. Kg2 e4 49. Kf1 b4 50. Rb5 b3 51. h4 Rb1+ 52. Kg2 Ke6 53.
h5 Kd6 54. g4 Kc6 55. Rb8 Kd5 56. Rb7 b2 57. Rb5+ Kd4 58. Rb7 Ke5 59. Rb5+ Kf4
60. Rb7 Kxg4 61. Rxg7+ Kxh5 62. Rb7 Kg5 63. Rg7+ Kf6 64. Rb7 h5 65. Rb5 h4 66.
Kh2 h3 67. Rb8 Ke5 68. Rb4 Kf4 69. Rb3 Kg4 70. Rg3+ Kf5 71. Rb3 Kf4 72. Rb8 Kf3
73. Rf8+ Ke2 74. Rb8 Kxf2 75. Rf8+ Ke2 76. Rb8 e3 77. Rb7 Kd3 78. Rd7+ Kc4 79.
Rc7+ Kd5 80. Rb7 e2 0-1

[Event "10th Philadelphia International"]
[Site "Philadelphia, PA"]
[Date "2016.07.06"]
[Round "3"]
[White "Zhang, Yuanchen"]
[Black "Yao, Lan"]
[Result "1-0"]
[WhiteElo "2281"]
[BlackElo "2131"]
[PlyCount "131"]
[EventDate "2016.07.??"]
[EventType "swiss"]
[EventRounds "9"]
[EventCountry "USA"]

1. d4 Nf6 2. c4 g6 3. Nc3 d5 4. Nf3 Bg7 5. Qb3 dxc4 6. Qxc4 O-O 7. e4 a6 8. Be2
b5 9. Qb3 Bb7 10. e5 Nd5 11. O-O Nxc3 12. bxc3 Bd5 13. c4 bxc4 14. Bxc4 Bxf3
15. Qxf3 Nd7 16. Qc6 Nb6 17. Be3 Nxc4 18. Qxc4 Qd7 19. Rfc1 Rfc8 20. Qc6 Qd8
21. Rab1 e6 22. Rb7 Bf8 23. Rxc7 Rxc7 24. Qxc7 Qxc7 25. Rxc7 Rb8 26. g3 h6 27.
Ra7 Rb6 28. Kg2 Rc6 29. Ra8 Kg7 30. Bxh6+ Kxh6 31. Rxf8 Kg7 32. Ra8 Rc4 33.
Rxa6 Rxd4 34. Kf3 Rd5 35. Ke4 Rd2 36. Ke3 Rb2 37. a4 Rb3+ 38. Kf4 Rb2 39. Kf3
Rb3+ 40. Kg2 g5 41. g4 Rb4 42. f3 Rc4 43. Ra5 Rb4 44. Kg3 Rb3 45. Rb5 Ra3 46.
a5 Kg6 47. Rc5 Kg7 48. Rb5 Kg6 49. Kf2 Ra2+ 50. Ke3 Rxh2 51. Kd4 Rc2 52. Rc5
Rf2 53. a6 Ra2 54. Rc6 Ra5 55. Kc4 Rxe5 56. Rc5 Re1 57. Ra5 Rc1+ 58. Kb5 Rc8
59. a7 Ra8 60. Kb6 f5 61. Kb7 Rh8 62. a8=Q Rxa8 63. Kxa8 Kf6 64. Kb7 fxg4 65.
fxg4 e5 66. Kc6 1-0

[Event "10th Philadelphia International"]
[Site "Philadelphia, PA"]
[Date "2016.07.06"]
[Round "3"]
[White "Niemann, Hans"]
[Black "Odeh, Kenneth"]
[Result "1-0"]
[WhiteElo "2269"]
[BlackElo "2032"]
[PlyCount "87"]
[EventDate "2016.07.??"]
[EventType "swiss"]
[EventRounds "9"]
[EventCountry "USA"]

1. d4 Nf6 2. c4 g6 3. f3 d5 4. cxd5 Nxd5 5. e4 Nb6 6. Nc3 Bg7 7. Be3 O-O 8. Qd2
e5 9. d5 c6 10. O-O-O cxd5 11. exd5 Bd7 12. h4 Na6 13. Kb1 Bf5+ 14. Kc1 Nb4 15.
g4 Bc2 16. Re1 Rc8 17. a3 N6xd5 18. axb4 Nxb4 19. Qxd8 Rfxd8 20. Rh2 Bd3 21.
Rd2 e4 22. fxe4 Rd6 23. Kd1 Rxc3 24. bxc3 Bxc3 25. Bxd3 Bxd2 26. Kxd2 Rxd3+ 27.
Ke2 Rxe3+ 28. Kxe3 Nc2+ 29. Kd2 Nxe1 30. Kxe1 f6 31. Ke2 Kf7 32. Kd3 Ke6 33.
Kd4 a5 34. Ne2 a4 35. Nf4+ Kd6 36. Nd3 a3 37. Kc3 b5 38. Kb3 b4 39. g5 Ke6 40.
Nxb4 fxg5 41. hxg5 Ke5 42. Nd5 Ke6 43. Nf6 h5 44. gxh6 1-0

[Event "10th Philadelphia International"]
[Site "Philadelphia, PA"]
[Date "2016.07.06"]
[Round "3"]
[White "Nieto, Guillermo"]
[Black "Carreto, Giovanni"]
[Result "1-0"]
[WhiteElo "1894"]
[BlackElo "2241"]
[PlyCount "35"]
[EventDate "2016.07.??"]
[EventType "swiss"]
[EventRounds "9"]
[EventCountry "USA"]

1. e4 c5 2. Ne2 d6 3. g3 Nc6 4. Bg2 g6 5. c3 Bg4 6. f3 Be6 7. d4 d5 8. dxc5
dxe4 9. Qxd8+ Rxd8 10. fxe4 Ne5 11. Nf4 Bc4 12. Na3 Ba6 13. Be3 e6 14. Bd4 Bg7
15. O-O-O Ne7 16. b4 b6 17. b5 bxc5 18. Bxe5 1-0

[Event "10th Philadelphia International"]
[Site "Philadelphia, PA"]
[Date "2016.07.06"]
[Round "3"]
[White "Titus, Andrew"]
[Black "Shepherd, Duncan"]
[Result "1/2-1/2"]
[WhiteElo "2173"]
[BlackElo "1687"]
[PlyCount "119"]
[EventDate "2016.07.??"]
[EventType "swiss"]
[EventRounds "9"]
[EventCountry "USA"]

1. e4 c5 2. Nf3 d6 3. d4 cxd4 4. Nxd4 Nf6 5. Nc3 a6 6. h3 e5 7. Nde2 h5 8. Ng1
Qc7 9. a4 b6 10. Be3 Nbd7 11. Nd5 Nxd5 12. exd5 Nf6 13. c4 Bf5 14. Nf3 g6 15.
Qd2 Ne4 16. Qc1 Nc5 17. Ra3 a5 18. Be2 Bg7 19. O-O O-O 20. Bh6 Qe7 21. Nh2 Kh7
22. Bd2 Rfe8 23. g4 hxg4 24. hxg4 Bd7 25. Rh3+ Kg8 26. b3 e4 27. Kg2 f6 28. Rh1
Kf7 29. Nf1 Rh8 30. Qd1 Rxh3 31. Rxh3 Rh8 32. Rxh8 Bxh8 33. Be3 Bg7 34. Bxc5
bxc5 35. Qd2 Qd8 36. Ng3 f5 37. gxf5 Bxf5 38. Qf4 Be5 39. Qh6 Bg7 40. Qd2 Be5
41. Nxf5 gxf5 42. Qh6 Qf6 43. Bh5+ Kg8 44. Bg6 f4 45. Bh7+ Kh8 46. Bg6+ Kg8 47.
Qh7+ Kf8 48. Bxe4 Qg7+ 49. Qxg7+ Kxg7 50. Kf3 Bd4 51. Kxf4 Bxf2 52. Kf5 Kf7 53.
Bf3 Bg1 54. Bh5+ Ke7 55. Bg4 Bd4 56. Ke4 Bg1 57. Kd3 Bf2 58. Be6 Bg1 59. Ke4
Bf2 60. Bc8 1/2-1/2

[Event "10th Philadelphia International"]
[Site "Philadelphia, PA"]
[Date "2016.07.06"]
[Round "3"]
[White "Tickoo, Sahil"]
[Black "Slade, Theodore"]
[Result "1-0"]
[WhiteElo "2016"]
[BlackElo "2018"]
[PlyCount "101"]
[EventDate "2016.07.??"]
[EventType "swiss"]
[EventRounds "9"]
[EventCountry "USA"]

1. d4 Nf6 2. Nc3 d5 3. Bg5 Bf5 4. Bxf6 gxf6 5. e3 e6 6. Bd3 Bxd3 7. cxd3 c5 8.
Nge2 Nc6 9. dxc5 Bxc5 10. d4 Bd6 11. O-O O-O 12. Ng3 Kh8 13. Qh5 Rc8 14. Rad1
f5 15. f4 Qf6 16. Rf2 Na5 17. e4 dxe4 18. Ncxe4 fxe4 19. Nxe4 Qg6 20. Qxg6 hxg6
21. Nxd6 Rcd8 22. Ne4 Rd5 23. b3 Nc6 24. Rfd2 Rfd8 25. Ng5 Kg7 26. Nf3 f6 27.
Kf2 e5 28. dxe5 Rxd2+ 29. Rxd2 Rxd2+ 30. Nxd2 fxe5 31. fxe5 Nxe5 32. Ke3 Kf6
33. h3 Nc6 34. Ke4 Ke6 35. g4 g5 36. Nf3 Kf6 37. a3 Nd8 38. Nd4 a6 39. a4 Nf7
40. b4 Ke7 41. Kf5 b6 42. Nf3 b5 43. axb5 axb5 44. Nxg5 Nd8 45. h4 Nc6 46. h5
Kf8 47. h6 Kg8 48. Kf6 Kh8 49. Nf7+ Kg8 50. g5 Nxb4 51. Kg6 1-0

[Event "10th Philadelphia International"]
[Site "Philadelphia, PA"]
[Date "2016.07.06"]
[Round "3"]
[White "Ghatti, Sanjay"]
[Black "Tian, Eddy"]
[Result "1-0"]
[WhiteElo "2151"]
[BlackElo "1941"]
[PlyCount "105"]
[EventDate "2016.07.??"]
[EventType "swiss"]
[EventRounds "9"]
[EventCountry "USA"]

1. e4 c5 2. Nf3 d6 3. d4 cxd4 4. Nxd4 Nf6 5. Nc3 a6 6. h3 e6 7. g4 Be7 8. Bg2
Nfd7 9. Be3 Ne5 10. Qe2 b5 11. O-O Bb7 12. b3 Nbd7 13. f4 Nc6 14. Rad1 Nxd4 15.
Bxd4 O-O 16. Qd2 Bc6 17. Ne2 Rc8 18. Bb2 Qb6+ 19. Kh2 Qb7 20. Ng3 Rfd8 21. Nh5
f6 22. Qe2 e5 23. g5 fxg5 24. fxg5 Nc5 25. Ng3 Bxg5 26. Qg4 Bf4 27. Rxf4 exf4
28. Nf5 Rc7 29. Nxd6 Qb8 30. b4 Nb7 31. Qe6+ Kf8 32. Be5 Nxd6 33. Bxd6+ Rxd6
34. Qxd6+ Kg8 35. Qxf4 Qc8 36. Qg5 Rd7 37. Rxd7 Qxd7 38. Qf4 Bb7 39. h4 Qe7 40.
a3 g6 41. e5 Bxg2 42. Kxg2 Qd7 43. Qe4 Qd2+ 44. Kh3 Qc3+ 45. Kg4 Qc8+ 46. e6
Kf8 47. Kg5 Ke7 48. Kh6 Qxe6 49. Qxe6+ Kxe6 50. Kxh7 Kf7 51. c3 Kf6 52. Kg8 g5
53. h5 1-0

[Event "10th Philadelphia International"]
[Site "Philadelphia, PA"]
[Date "2016.07.06"]
[Round "3"]
[White "Wettasinha, Vasanta"]
[Black "Proleiko, Julian"]
[Result "0-1"]
[WhiteElo "1760"]
[BlackElo "2100"]
[PlyCount "94"]
[EventDate "2016.07.??"]
[EventType "swiss"]
[EventRounds "9"]
[EventCountry "USA"]

1. d4 Nf6 2. Nc3 d5 3. Bf4 e6 4. f3 Bb4 5. e3 c5 6. a3 Bxc3+ 7. bxc3 Nc6 8. Nh3
O-O 9. Bd3 Re8 10. Bg5 e5 11. Nf2 exd4 12. cxd4 cxd4 13. O-O h6 14. Bh4 g5 15.
Bg3 dxe3 16. Ng4 Kg7 17. Nxf6 Qxf6 18. f4 g4 19. Qe1 Bf5 20. Bh4 Qg6 21. Be2
Rac8 22. Qd1 d4 23. Rc1 h5 24. Kh1 Be4 25. f5 Bxf5 26. Rf4 Re4 27. Qf1 Rxf4 28.
Qxf4 Be4 29. Rf1 f5 30. Bd3 Re8 31. Rb1 b6 32. Qc7+ Qf7 33. Qd6 Re6 34. Qf4
Bxd3 35. cxd3 Kh7 36. Rb5 e2 37. Be1 Kg6 38. h4 Qf6 39. g3 Ne5 40. Rxe5 Rxe5
41. Qxd4 Re7 42. Qf4 Kh7 43. Kh2 Qe5 44. Qg5 f4 45. Qxe5 Rxe5 46. gxf4 Re3 47.
f5 Rf3 0-1

[Event "10th Philadelphia International"]
[Site "Philadelphia, PA"]
[Date "2016.07.07"]
[Round "4.2"]
[White "Shimanov, Alex"]
[Black "Popilski, Gil"]
[Result "1/2-1/2"]
[WhiteElo "2627"]
[BlackElo "2542"]
[PlyCount "23"]
[EventDate "2016.07.??"]
[EventType "swiss"]
[EventRounds "9"]
[EventCountry "USA"]
[WhiteClock "1:07:46"]
[BlackClock "1:26:44"]

1. d4 d5 2. c4 c5 3. cxd5 Nf6 4. dxc5 Qxd5 5. Qxd5 Nxd5 6. Bd2 Nc6 7. Na3 e5 8.
Rc1 Bf5 9. e3 Ndb4 10. Bxb4 Nxb4 11. Bb5+ Ke7 12. Nf3 1/2-1/2

[Event "10th Philadelphia International"]
[Site "Philadelphia, PA"]
[Date "2016.07.07"]
[Round "4.3"]
[White "Mikhalevski, Victor"]
[Black "Zherebukh, Yaroslav"]
[Result "1/2-1/2"]
[WhiteElo "2545"]
[BlackElo "2595"]
[PlyCount "62"]
[EventDate "2016.07.??"]
[EventType "swiss"]
[EventRounds "9"]
[EventCountry "USA"]
[WhiteClock "0:10:48"]
[BlackClock "1:09:23"]

1. Nf3 e6 2. g3 d5 3. Bg2 Nf6 4. O-O Be7 5. c4 O-O 6. d4 dxc4 7. Qc2 a6 8. a4
Bd7 9. Qxc4 Bc6 10. Bg5 Bd5 11. Qc2 Be4 12. Qd1 h6 13. Bxf6 Bxf6 14. Nc3 Bxf3
15. Bxf3 c6 16. e3 a5 17. h4 Na6 18. h5 Nb4 19. Be4 Rc8 20. Qf3 c5 21. Rad1
cxd4 22. exd4 Qb6 23. d5 Bxc3 24. bxc3 Nxd5 25. Bxd5 exd5 26. Rxd5 Qc6 27. Rb1
Qxa4 28. Rxb7 Qa1+ 29. Kg2 a4 30. c4 Qa2 31. Rf5 Qxc4 1/2-1/2

[Event "10th Philadelphia International"]
[Site "Philadelphia, PA"]
[Date "2016.07.07"]
[Round "4.4"]
[White "Papp, Gabor"]
[Black "Kannappan, Priyadharshan"]
[Result "1-0"]
[WhiteElo "2584"]
[BlackElo "2484"]
[PlyCount "103"]
[EventDate "2016.07.??"]
[EventType "swiss"]
[EventRounds "9"]
[EventCountry "USA"]
[WhiteClock "0:17:40"]
[BlackClock "0:21:01"]

1. Nf3 Nf6 2. c4 c5 3. Nc3 Nc6 4. g3 d5 5. d4 e6 6. cxd5 Nxd5 7. Bg2 Be7 8. O-O
O-O 9. e4 Nb6 10. d5 exd5 11. exd5 Nb4 12. Ne1 Nc4 13. a3 Na6 14. Nc2 Nc7 15.
Qe2 Nd6 16. Bf4 Re8 17. Ne3 b6 18. Rfd1 Ba6 19. Qc2 Ncb5 20. Nxb5 Bxb5 21. h4
Qd7 22. Kh2 Rad8 23. a4 Ba6 24. Bh3 Qb7 25. Re1 h6 26. Ng4 Bf8 27. Ne5 Qc7 28.
Rad1 Bb7 29. b4 Re7 30. b5 Rde8 31. Qb1 Bc8 32. Nc4 Rxe1 33. Rxe1 Rxe1 34. Qxe1
Bxh3 35. Bxd6 Qc8 36. Bxf8 Kxf8 37. Qe5 Bd7 38. Qd6+ Ke8 39. Qf4 Ke7 40. Ne5 f6
41. Nc6+ Kf7 42. Nxa7 Qe8 43. a5 bxa5 44. b6 g5 45. Qc7 Kg6 46. b7 Qe2 47. Qxc5
Qe5 48. Nc6 Bxc6 49. Qc2+ Kh5 50. dxc6 gxh4 51. b8=Q hxg3+ 52. fxg3 1-0

[Event "10th Philadelphia International"]
[Site "Philadelphia, PA"]
[Date "2016.07.07"]
[Round "4"]
[White "Sarkar, Justin"]
[Black "Gorovets, Andrey"]
[Result "0-1"]
[WhiteElo "2436"]
[BlackElo "2545"]
[PlyCount "74"]
[EventDate "2016.07.??"]
[EventType "swiss"]
[EventRounds "9"]
[EventCountry "USA"]

1. d4 d6 2. e4 Nf6 3. Nc3 c6 4. Nf3 Bg4 5. h3 Bh5 6. Qe2 e6 7. g4 Bg6 8. h4 h6
9. h5 Bh7 10. g5 hxg5 11. Nxg5 Bg8 12. Bg2 Qb6 13. d5 e5 14. Be3 Qa6 15. Qf3
cxd5 16. exd5 Nbd7 17. Rh4 Qa5 18. Ra4 Qd8 19. Bxa7 Nxh5 20. Nge4 Nf4 21. Bf1
f5 22. Ng3 g6 23. Bb5 Ke7 24. O-O-O Bh6 25. Rh1 Nf6 26. Rxh6 Rxh6 27. Rxf4 exf4
28. Qxf4 Rxa7 29. Qxh6 Kf7 30. Qf4 Qe7 31. Be2 Ra5 32. b4 Ra8 33. Qd2 Kg7 34.
a4 Rc8 35. Bf3 Qe5 36. Nge2 Rc4 37. b5 Rxa4 0-1

[Event "10th Philadelphia International"]
[Site "Philadelphia, PA"]
[Date "2016.07.07"]
[Round "4"]
[White "Balakrishnan, Praveen"]
[Black "Zhou, Guijue"]
[Result "1-0"]
[WhiteElo "2367"]
[BlackElo "2238"]
[PlyCount "101"]
[EventDate "2016.07.??"]
[EventType "swiss"]
[EventRounds "9"]
[EventCountry "USA"]

1. e4 e5 2. Nf3 Nf6 3. d4 Nxe4 4. Bd3 d5 5. Nxe5 Nc6 6. Nxc6 bxc6 7. O-O Bd6 8.
Qf3 O-O 9. Bxe4 Qh4 10. Bxh7+ Qxh7 11. Bf4 Qxc2 12. Bxd6 cxd6 13. Qc3 Qxc3 14.
Nxc3 Be6 15. Rfd1 Rab8 16. b3 Rfd8 17. Na4 Rb4 18. Rac1 Bd7 19. Nc3 Be6 20. Na4
Bd7 21. Nc3 Be6 22. f3 c5 23. dxc5 dxc5 24. Ne4 c4 25. Rxc4 Rxc4 26. bxc4 d4
27. Rc1 Rc8 28. Nd2 Kf8 29. Kf2 Rb8 30. Nb3 Rb4 31. Nxd4 Bxc4 32. a3 Ra4 33.
Rc3 g6 34. Nc2 Be6 35. Ke3 Ke7 36. Nb4 Kd6 37. Rc6+ Kd7 38. Ra6 Rxa6 39. Nxa6
Kc6 40. Kd4 Kb6 41. Nc5 Bf5 42. g4 Bc2 43. h4 f5 44. h5 fxg4 45. fxg4 gxh5 46.
gxh5 Bh7 47. Nd7+ Kb5 48. Nf6 Bc2 49. Ne4 Bb3 50. h6 Bg8 51. Nf6 1-0

[Event "10th Philadelphia International"]
[Site "Philadelphia, PA"]
[Date "2016.07.07"]
[Round "4"]
[White "Atoufi, Pedram"]
[Black "Banik, Siddharth"]
[Result "1/2-1/2"]
[WhiteElo "2272"]
[BlackElo "2226"]
[PlyCount "99"]
[EventDate "2016.07.??"]
[EventType "swiss"]
[EventRounds "9"]
[EventCountry "USA"]

1. e4 e5 2. Nc3 Nf6 3. f4 d5 4. fxe5 Nxe4 5. d3 Nxc3 6. bxc3 c5 7. Nf3 Nc6 8.
d4 Bg4 9. Be2 cxd4 10. O-O Bc5 11. Kh1 Bxf3 12. Rxf3 Qe7 13. Rg3 Qxe5 14. cxd4
Bxd4 15. c3 Bb6 16. Qf1 O-O 17. Bh6 g6 18. Bxf8 Rxf8 19. Rd1 d4 20. Bc4 dxc3
21. Rf3 Bc7 22. g3 c2 23. Re1 c1=Q 24. Rxc1 Qg7 25. Bd5 Bb6 26. Bxc6 bxc6 27.
Rxc6 Re8 28. Rcf6 Re7 29. h4 Qf8 30. Qc4 Qe8 31. Kg2 Rc7 32. Qb3 Kg7 33. Kh3 h5
34. g4 hxg4+ 35. Kxg4 Bd4 36. R6f4 Qc8+ 37. Kg3 Be5 38. Qe3 Bxf4+ 39. Qxf4 Qd8
40. Qe5+ Kg8 41. h5 Re7 42. Qf4 Qc7 43. Qxc7 Rxc7 44. hxg6 fxg6 45. Ra3 Kg7 46.
Ra6 Kh6 47. Kg4 Rc4+ 48. Kg3 Rc7 49. Kg4 Rb7 50. Kh4 1/2-1/2

[Event "10th Philadelphia International"]
[Site "Philadelphia, PA"]
[Date "2016.07.07"]
[Round "4"]
[White "Nieto, Guillermo"]
[Black "Niemann, Hans"]
[Result "0-1"]
[WhiteElo "1894"]
[BlackElo "2269"]
[PlyCount "82"]
[EventDate "2016.07.??"]
[EventType "swiss"]
[EventRounds "9"]
[EventCountry "USA"]

1. e4 e6 2. d4 d5 3. Nc3 Nf6 4. Bg5 dxe4 5. Nxe4 Be7 6. Bxf6 gxf6 7. Nf3 f5 8.
Nc3 a6 9. Qd2 b5 10. O-O-O Bb7 11. Kb1 b4 12. Ne2 c5 13. Ne5 Nc6 14. f4 Nxe5
15. dxe5 Qxd2 16. Rxd2 c4 17. c3 Be4+ 18. Kc1 Bc5 19. cxb4 Be3 20. Kd1 Bxd2 21.
Kxd2 O-O-O+ 22. Kc3 Rd1 23. Ng3 Rg8 24. Kxc4 Kb7 25. Kb3 Kb6 26. a4 a5 27. b5
h5 28. Nxh5 Rc8 29. Nf6 Ra1 30. Nxe4 fxe4 31. h4 e3 32. Rh3 Rxf1 33. Rxe3 Rxf4
34. g3 Rb4+ 35. Ka3 Rg4 36. Rf3 Rc5 37. Re3 Rcc4 38. b3 Rce4 39. Rf3 Rxe5 40.
Rxf7 Rxg3 41. Re7 Ree3 0-1

[Event "10th Philadelphia International"]
[Site "Philadelphia, PA"]
[Date "2016.07.07"]
[Round "4"]
[White "Mulyar, Michael"]
[Black "Guddanti, Harshita"]
[Result "1-0"]
[WhiteElo "2381"]
[BlackElo "2143"]
[PlyCount "107"]
[EventDate "2016.07.??"]
[EventType "swiss"]
[EventRounds "9"]
[EventCountry "USA"]

1. d4 Nf6 2. Nf3 e6 3. c4 b6 4. g3 Bb7 5. Bg2 Be7 6. O-O O-O 7. Re1 Na6 8. Nc3
Ne4 9. Bd2 c5 10. d5 exd5 11. Nxd5 Bxd5 12. cxd5 Nxd2 13. Qxd2 d6 14. e4 f6 15.
Nh4 Re8 16. Qe2 Nc7 17. Bh3 g6 18. Ng2 Bf8 19. Nf4 f5 20. Qc2 Bh6 21. Ne6 Nxe6
22. dxe6 fxe4 23. Qxe4 d5 24. Qf3 Rf8 25. Qg2 Bg5 26. Re5 d4 27. Rd5 Qf6 28. f4
Bh6 29. Rd7 Rae8 30. Qb7 d3 31. Rxd3 Qxb2 32. Rad1 Qe2 33. Bg2 Bg7 34. Rd7 Re7
35. Bf3 Rxd7 36. exd7 Bd4+ 37. Kh1 Qe3 38. Bd5+ Kh8 39. Qc8 Qe7 40. Be6 Kg7 41.
Re1 Rd8 42. Re4 Bf6 43. Qc6 b5 44. Bh3 Qf7 45. Be6 Qe7 46. Bg4 Qf7 47. Qxc5
Qxa2 48. Re8 Qb1+ 49. Kg2 Qb2+ 50. Kh3 h5 51. Qf8+ Kh7 52. Qf7+ Kh6 53. Bf5
gxf5 54. Re6 1-0

[Event "10th Philadelphia International"]
[Site "Philadelphia, PA"]
[Date "2016.07.07"]
[Round "4"]
[White "Taghizadeh, Rayan"]
[Black "Viswanadha, Kesav"]
[Result "0-1"]
[WhiteElo "2182"]
[BlackElo "2357"]
[PlyCount "62"]
[EventDate "2016.07.??"]
[EventType "swiss"]
[EventRounds "9"]
[EventCountry "USA"]

1. e4 e5 2. Nf3 Nc6 3. Bb5 a6 4. Ba4 Nf6 5. O-O Be7 6. Re1 b5 7. Bb3 d6 8. c3
O-O 9. d4 Bg4 10. Be3 exd4 11. cxd4 Na5 12. Bc2 Nc4 13. Bc1 c5 14. b3 Nb6 15.
h3 Bh5 16. a4 bxa4 17. bxa4 Rc8 18. e5 Nfd7 19. a5 Nd5 20. dxc5 Nb4 21. Bxh7+
Kxh7 22. cxd6 Bh4 23. Ra4 Rxc1 24. Qxc1 Bxf2+ 25. Kf1 Bxe1 26. Qxe1 Nd3 27. Qh4
Kh6 28. Qd4 Bxf3 29. Qxd3 Bh5 30. Qf5 Bg6 31. Qf2 Kh7 0-1